00647nam a2200193Ia 450000500170000000800460001703700110006304000200007404100130009408400240010710000250013124500950015626000090025130000100026054600350027094200220030599900210032795201050034820250508164807.0008 250505s9999 xx 000 0 eng d aTheses aFEDLbengcFEDL aeng2eng a370.1, SET/THqFEDL aSethi Rashmi9533424 0aStudy of facets of integral philosophy of Sri Aurobindo and their educational ramification c1998 a202p. aPH.D Thesis (Delhi University) cTHh370.1, SET/TH c1391215d1391215 00104070aFEDLbFEDLd2025-05-08l0o370.1, SET/THpEL0084842r2025-05-08 16:48:07w2025-05-08yTH